Marseille Vs Paris Saint-Germain - Statistics

General Stats
  • This quiz has been taken 9 times
  • The average score is 9 of 22
Answer Stats
Hint Answer % Correct
GK(2008-22 Steve Mandanda
86%
FW(2013-20 Edinson Cavani
71%
DF(2013- Marquinhos
71%
MF(2017-23 Neymar
71%
FW(2012-16 Zlatan Ibrahimović
71%
MF(2011-17 Blaise Matuidi
57%
FW(1986-92 Jean-Pierre Papin
57%
MF(2017-24 Kylian Mbappé
57%
GK(2011-17 Salvatore Sirigu
57%
DF(2012-20 Thiago Silva
57%
MF(2013~23 Dimitri Payet
43%
MF(2012-23 Marco Verratti
43%
DF(2012-2017 Maxwell
43%
MF(2007-14 Benoît Cheyrou
14%
DF(1980-94 Éric Di Meco
14%
FW(1950-59 Gunnar Andersson
14%
DF(1975-89 Jean-Marc Pilorget
14%
FW(2006-14 Mathieu Valbuena
14%
DF1971~85 François Bracci
0%
DF(1966-73 Jules Zvunka
0%
DF(1972-80 Marius Trésor
0%
MF(1942-58 Roger Scotti
0%
No matching quizzes found
Score Distribution
Percent of People with Each Score
Percentile by Number Answered
Your Score History
You have not taken this quiz